Countries of the World Quiz With Exact Spelling - Statistics

General Stats
  • This quiz has been taken 12 times
  • The average score is 176 of 196
Answers on the Map
Answers color-coded by a green-red scale on the quiz's map according to % correct below.
 
Answer Stats
Country % Correct
Andorra
100%
Antigua and Barbuda
100%
Australia
100%
Belgium
100%
Bosnia and Herzegovina
100%
Canada
100%
Cuba
100%
Cyprus
100%
Czech Republic
100%
Djibouti
100%
Dominica
100%
East Timor
100%
El Salvador
100%
Equatorial Guinea
100%
Fiji
100%
Gambia
100%
Guyana
100%
Haiti
100%
Iceland
100%
Indonesia
100%
Israel
100%
Jamaica
100%
Lebanon
100%
Liechtenstein
100%
Luxembourg
100%
Madagascar
100%
Malawi
100%
Malaysia
100%
Malta
100%
Marshall Islands
100%
Mexico
100%
Monaco
100%
Nauru
100%
New Zealand
100%
Palau
100%
Qatar
100%
Rwanda
100%
Samoa
100%
Solomon Islands
100%
Suriname
100%
Tonga
100%
Trinidad and Tobago
100%
Tuvalu
100%
Uganda
100%
United Arab Emirates
100%
United Kingdom
100%
United States
100%
Vanuatu
100%
Afghanistan
89%
Albania
89%
Angola
89%
Argentina
89%
Armenia
89%
Austria
89%
Azerbaijan
89%
Bahamas
89%
Bahrain
89%
Bangladesh
89%
Barbados
89%
Belize
89%
Benin
89%
Bolivia
89%
Botswana
89%
Brazil
89%
Brunei
89%
Bulgaria
89%
Burkina Faso
89%
Burundi
89%
Cambodia
89%
Cameroon
89%
Cape Verde
89%
Chad
89%
Chile
89%
Colombia
89%
Comoros
89%
Democratic Republic of the Congo
89%
Denmark
89%
Central African Republic
89%
São Tomé and Príncipe
89%
Dominican Republic
89%
Ecuador
89%
Egypt
89%
Estonia
89%
Eswatini
89%
Finland
89%
France
89%
Germany
89%
Ghana
89%
Greece
89%
Grenada
89%
Guatemala
89%
Guinea
89%
Guinea-Bissau
89%
Honduras
89%
Hungary
89%
India
89%
Ireland
89%
Italy
89%
Kazakhstan
89%
Kenya
89%
Kiribati
89%
Kosovo
89%
Kyrgyzstan
89%
Latvia
89%
Lesotho
89%
Liberia
89%
Libya
89%
Lithuania
89%
Mali
89%
Mauritius
89%
Moldova
89%
Mongolia
89%
Montenegro
89%
Morocco
89%
Netherlands
89%
Nicaragua
89%
North Korea
89%
North Macedonia
89%
Norway
89%
Oman
89%
Pakistan
89%
Panama
89%
Papua New Guinea
89%
Paraguay
89%
Peru
89%
Philippines
89%
Poland
89%
Portugal
89%
Republic of the Congo
89%
Romania
89%
Russia
89%
Saint Kitts and Nevis
89%
Saint Vincent and the Grenadines
89%
San Marino
89%
Saudi Arabia
89%
Senegal
89%
Serbia
89%
Seychelles
89%
Sierra Leone
89%
Singapore
89%
Slovakia
89%
Slovenia
89%
South Africa
89%
South Korea
89%
South Sudan
89%
Spain
89%
Sri Lanka
89%
Sudan
89%
Sweden
89%
Switzerland
89%
Tajikistan
89%
Tanzania
89%
Thailand
89%
Togo
89%
Turkey
89%
Turkmenistan
89%
Ukraine
89%
Uruguay
89%
Uzbekistan
89%
Vatican City
89%
Venezuela
89%
Vietnam
89%
Yemen
89%
Zambia
89%
Zimbabwe
89%
Algeria
78%
Belarus
78%
Bhutan
78%
China
78%
Costa Rica
78%
Croatia
78%
Eritrea
78%
Ethiopia
78%
Federated States of Micronesia
78%
Gabon
78%
Georgia
78%
Iran
78%
Iraq
78%
Ivory Coast
78%
Japan
78%
Jordan
78%
Kuwait
78%
Laos
78%
Maldives
78%
Mauritania
78%
Mozambique
78%
Myanmar
78%
Namibia
78%
Nepal
78%
Niger
78%
Nigeria
78%
Saint Lucia
78%
Somalia
78%
Syria
78%
Taiwan
78%
Tunisia
78%
No matching quizzes found
Score Distribution
Percent of People with Each Score
Percentile by Number Answered
Your Score History
You have not taken this quiz